logo

Bir Sreshtho Munshi Abdur Rouf Library
Jhenaidah Cadet College

Islamic Awakening : (Record no. 12540)

MARC details
000 -LEADER
fixed length control field 00710nam a2200241 a 4500
001 - CONTROL NUMBER
JCCL Control Number 12540
003 - CONTROL NUMBER IDENTIFIER
JCCL marc code BD-JhCC
005 - DATE AND TIME OF LATEST TRANSACTION
control field 20221127134022.0
008 - FIXED-LENGTH DATA ELEMENTS--GENERAL INFORMATION
fixed length control field 220901b2006 enk |||| ||a| 001 0 eng d
020 ## - INTERNATIONAL STANDARD BOOK NUMBER
International Standard Book Number 156564428x
035 ## - SYSTEM CONTROL NUMBER
system control number (BD-JhCC)12540
040 ## - CATALOGING SOURCE
Original cataloging agency BD-JhCC
Modifying agency BD-JhCC
041 ## - LANGUAGE CODE
Language code of Book English
082 ## - DEWEY DECIMAL CLASSIFICATION NUMBER
Classification number 297.0904
Author mark and Year ALQ 2006
100 ## - MAIN ENTRY--PERSONAL NAME
Personal name Al -Qaradawi, Yusuf
245 ## - TITLE STATEMENT
Title Islamic Awakening :
Remainder of title Between Rejection and Extremism /
Statement of responsibility, etc Yusuf Al -Qaradawi, Taha Jabir al-alwani
260 ## - PUBLICATION, DISTRIBUTION, ETC. (IMPRINT)
Place of publication, distribution, etc London :
Name of publisher, distributor, etc International Institute of Islamic Thought ;
Date of publication, distribution, etc 2006.
300 ## - PHYSICAL DESCRIPTION
Pagination 177 p. :
Dimensions 23 cm
650 ## - SUBJECT ADDED ENTRY--TOPICAL TERM
Topical term or geographic name as entry element Religious Life- Islam
700 ## - ADDED ENTRY--PERSONAL NAME
Personal name Al-alwani,Taha Jabir
942 ## - ADDED ENTRY ELEMENTS (KOHA)
Source of classification or shelving scheme Dewey Decimal Classification
Koha item type Books
Koha issues (borrowed), all copies 2
Holdings
Source of classification or shelving scheme Damaged status Not for loan Home library Current library Shelving location Date of accession Cost, normal purchase price Total Checkouts Full call number Barcode Date last seen Date checked out Copy number Koha item type
Dewey Decimal Classification     JCC Rouf Library JCC Rouf Library General Stacks 06/01/2021 300.00 3 297.0904 ALQ 2006 16688 11/14/2023 01/31/2023 C-1 Books

JCC Library | Contacts | JCC Home

Last Update on 23 September 2017
Copyright @ 2017-2020 JCC Rouf Library
Rouf Library, Jhenidah Cadet College (JCC), Bangladesh